<?xml version="1.0" encoding="UTF-8"?><?xml-stylesheet type="text/xsl" href="static/style.xsl"?><OAI-PMH xmlns="http://www.openarchives.org/OAI/2.0/" xmlns:xsi="http://www.w3.org/2001/XMLSchema-instance" xsi:schemaLocation="http://www.openarchives.org/OAI/2.0/ http://www.openarchives.org/OAI/2.0/OAI-PMH.xsd"><responseDate>2026-04-13T06:27:52Z</responseDate><request verb="GetRecord" identifier="oai:www.recercat.cat:2099.1/17300" metadataPrefix="marc">https://recercat.cat/oai/request</request><GetRecord><record><header><identifier>oai:recercat.cat:2099.1/17300</identifier><datestamp>2025-07-22T21:48:25Z</datestamp><setSpec>com_2072_1033</setSpec><setSpec>col_2072_452951</setSpec></header><metadata><record xmlns="http://www.loc.gov/MARC21/slim" xmlns:dcterms="http://purl.org/dc/terms/" xmlns:xsi="http://www.w3.org/2001/XMLSchema-instance" xmlns:doc="http://www.lyncode.com/xoai" xsi:schemaLocation="http://www.loc.gov/MARC21/slim http://www.loc.gov/standards/marcxml/schema/MARC21slim.xsd">
   <leader>00925njm 22002777a 4500</leader>
   <datafield ind2=" " ind1=" " tag="042">
      <subfield code="a">dc</subfield>
   </datafield>
   <datafield ind2=" " ind1=" " tag="720">
      <subfield code="a">Grueso Zopeque, Esther</subfield>
      <subfield code="e">author</subfield>
   </datafield>
   <datafield ind2=" " ind1=" " tag="260">
      <subfield code="c">2012-12-19</subfield>
   </datafield>
   <datafield ind2=" " ind1=" " tag="520">
      <subfield code="a">El creixement en els darrers anys de les xarxes d’accés sense fils ha generat&#xd;
la necessitat d’algunes ciutats d’implantar xarxes ciutadanes amb la finalitat&#xd;
d’apropar a l’usuari a l’ús d’Internet, moltes d’elles de tecnologia Wi-Fi Mesh.&#xd;
L’Ajuntament de Viladecans és el propietari i ens gestor d’una xarxa Wi-Fi&#xd;
Mesh desplegada sobre una infraestructura d’accés troncal amb fibra òptica.&#xd;
Els dispositius instal·lats al carrer que donen servei d’accés sense fils són&#xd;
equips Tropos 6320 del fabricant Tropos Networks. Aquesta xarxa es va&#xd;
implantar per a millorar l’accés de la ciutadania a la Societat de la Informació i&#xd;
a l’Administració Electrònica i, d’aquest mode, situar a la ciutat en&#xd;
l’avantguarda tecnològica.&#xd;
Aquest treball fi de carrera té com a objectius: estudiar aspectes de seguretat&#xd;
en tecnologies Wi-Fi, estudiar la xarxa d’accés sense fils mallada existent per&#xd;
tal de detectar les mancances i els problemes que pugui presentar a nivell de&#xd;
rendiment, eficiència, seguretat i fiabilitat. Així com proposar, justificar i dur a&#xd;
terme actuacions de millora de la mateixa, avaluar aquestes millores i&#xd;
aconseguir que el propietari integri nous serveis. D’aquesta manera, es&#xd;
realitzaria una correcta explotació de la infraestructura i dels recursos de la&#xd;
xarxa.</subfield>
   </datafield>
   <datafield ind2=" " ind1=" " tag="520">
      <subfield code="a">English: In recent years, the growth of wireless networks has created the needed for&#xd;
cities to implement citizen networks in order to bring the Internet access to the&#xd;
users, many of these networks are Wi-Fi Mesh technologies.&#xd;
The Viladecans Cityhall is the owner and manager of a Wi-Fi Mesh access&#xd;
infrastructure deployed on a fiber optic backbone. The devices installed on the&#xd;
street providing wireless access are Tropos 6320 equipment of the&#xd;
manufacturer Tropos Networks. This network was set up to improve public&#xd;
access to Information Society and e-Government, thus, the city is located at&#xd;
the forefront technology.&#xd;
This bachelor’s final year project aims to study: safety issues in Wi-Fi&#xd;
technology, wireless mesh network to detect existing deficiencies and&#xd;
problems that may arise in terms of performance, efficiency, safety and&#xd;
reliability. Also proposing, justifying and implementing actions in order to&#xd;
improve it and assess these enhancements to achieve the integration of new&#xd;
services. Thus, a correct operation of the infrastructure and resources of the&#xd;
network can be performed.</subfield>
   </datafield>
   <datafield tag="653" ind2=" " ind1=" ">
      <subfield code="a">Wireless LANs</subfield>
   </datafield>
   <datafield tag="653" ind2=" " ind1=" ">
      <subfield code="a">Internet--Security measures</subfield>
   </datafield>
   <datafield tag="653" ind2=" " ind1=" ">
      <subfield code="a">Viladecáns (Spain)</subfield>
   </datafield>
   <datafield tag="653" ind2=" " ind1=" ">
      <subfield code="a">Wi-Fi</subfield>
   </datafield>
   <datafield tag="653" ind2=" " ind1=" ">
      <subfield code="a">Mesh</subfield>
   </datafield>
   <datafield tag="653" ind2=" " ind1=" ">
      <subfield code="a">Viladecans</subfield>
   </datafield>
   <datafield tag="653" ind2=" " ind1=" ">
      <subfield code="a">Gestió de xarxa</subfield>
   </datafield>
   <datafield tag="653" ind2=" " ind1=" ">
      <subfield code="a">Xarxes d'àrea local (Xarxes d'ordinadors)</subfield>
   </datafield>
   <datafield tag="653" ind2=" " ind1=" ">
      <subfield code="a">Seguretat informàtica</subfield>
   </datafield>
   <datafield tag="653" ind2=" " ind1=" ">
      <subfield code="a">Viladecans (Catalunya)</subfield>
   </datafield>
   <datafield ind2="0" ind1="0" tag="245">
      <subfield code="a">Millora de la xarxa sense fils municipal Wi-Fi MESH de Viladecans</subfield>
   </datafield>
</record></metadata></record></GetRecord></OAI-PMH>